| 000 | 00351nam a2200133Ia 4500 | ||
|---|---|---|---|
| 005 | 20250729165807.0 | ||
| 008 | 250729s2015 xx 000 0 und d | ||
| 041 | _aeng | ||
| 082 | _a560 BOST | ||
| 100 |
_aBoscoss _9233133 |
||
| 245 | _aTheory and Problems in Mathematics | ||
| 260 |
_aMagalore _bBoscoss Publication _c2015 |
||
| 650 |
_aScience _9233134 |
||
| 999 |
_c240129 _d240129 |
||